000 00271nam a2200109Ia 4500
008 191201s2012 xx 000 0 und d
100 _aOBEROI, Jagmohan
245 0 _aApplied Chemistry Vol -1
260 _c2012
_bNORTH PUB.
_aNEW DELHI
300 _a183
942 _2ddc
_cBK
_03
999 _c8123
_d8123